[Event "DEM U12 2011"]
[Site "Oberhof GER"]
[Date "2011.06.12"]
[Round "2"]
[White "Gheng, Christian"]
[Black "Wallat, Jessica"]
[Result "1-0"]
[Termination "normal"]
[Board "27"]
[WhiteElo "1679"]
[BlackElo "1277"]
[PlyCount "51"]
[WhiteFideId "24660345"]
[BlackFideId "12909637"]
[EventCountry "GER"]
[EventRounds "11"]
[EventType "swiss"]
[EventDate "2011.06.11"]

1. e4 e6 2. d4 d5 3. Nc3 Bb4 4. e5 c5 5. a3 Bxc3+ 6. bxc3 Nd7 7. Nf3 Qb6 8. Bd2
Ne7 9. Bd3 O-O 10. Bxh7+ Kh8 11. Ng5 g6 12. Qf3 Nf5 13. Qh3 Kg7 14. Bxg6 Rh8
15. Bh7 Nf8 16. Qg4 Ng6 17. h4 Rxh7 18. Nxh7 Kxh7 19. h5 Nge7 20. Qg5 cxd4 21.
Qf6 Kg8 22. h6 Kh7 23. Qxf7+ Kh8 24. Bg5 Ng8 25. h7 Nfh6 26. hxg8=R# 1-0

[Event "DEM U12 2011"]
[Site "Oberhof GER"]
[Date "2011.06.12"]
[Round "2"]
[White "Diener, Carolin"]
[Black "Allin, Katharina"]
[Result "1-0"]
[Termination "normal"]
[Board "29"]
[WhiteElo "1590"]
[BlackElo "1256"]
[PlyCount "69"]
[WhiteFideId "24699063"]
[BlackFideId "12903779"]
[EventCountry "GER"]
[EventRounds "11"]
[EventType "swiss"]
[EventDate "2011.06.11"]

1. e4 e5 2. Nf3 Nc6 3. Bc4 Bc5 4. c3 Nf6 5. d4 exd4 6. cxd4 Bb4+ 7. Nc3 Nxe4 8.
O-O Bxc3 9. d5 Bf6 10. Re1 Ne7 11. Rxe4 d6 12. Bg5 Bxg5 13. Nxg5 h6 14. Bb5+
Bd7 15. Qe2 Bxb5 16. Qxb5+ Qd7 17. Qe2 Kf8 18. Ne6+ fxe6 19. dxe6 Qc6 20. Qf3+
Ke8 21. Qf7+ Kd8 22. Rg4 g5 23. Qg7 Qe8 24. Rc1 Rg8 25. Qd4 Nc6 26. Qc4 Rc8 27.
Re4 Ne5 28. Qd5 Ng6 29. Qxb7 Rf8 30. Rec4 Qe7 31. Rxc7 Qxc7 32. Rxc7 Rxc7 33.
Qb8+ Rc8 34. Qxd6+ Ke8 35. Qd7# 1-0

[Event "DEM U12 2011"]
[Site "Oberhof GER"]
[Date "2011.06.12"]
[Round "2"]
[White "Schulte, Felix"]
[Black "Lederer, Leia"]
[Result "1-0"]
[Termination "normal"]
[Board "30"]
[WhiteElo "1573"]
[BlackElo "1252"]
[PlyCount "125"]
[WhiteFideId "12914800"]
[BlackFideId "12926353"]
[EventCountry "GER"]
[EventRounds "11"]
[EventType "swiss"]
[EventDate "2011.06.11"]

1. e4 c5 2. Nf3 Nc6 3. d4 cxd4 4. Nxd4 g6 5. Be3 Bg7 6. Nc3 Nf6 7. Bc4 Qa5 8.
f3 Qb4 9. Bb3 O-O 10. Qd2 e6 11. O-O-O Ne5 12. a3 Qe7 13. Bf4 d6 14. Ndb5 Rd8
15. Nxd6 Nc6 16. Nxc8 Raxc8 17. Qe2 Nd4 18. Qf2 Nxb3+ 19. cxb3 Nd7 20. Bd2 Ne5
21. Qxa7 Rd7 22. Qe3 Rd3 23. Qe2 Qd6 24. Kb1 Qc5 25. f4 Rd6 26. fxe5 Bxe5 27.
b4 Qc6 28. Qb5 Qxb5 29. Nxb5 Rb6 30. Nc3 h5 31. Na4 Rd6 32. Bc3 Rxd1+ 33. Rxd1
Bxh2 34. Nc5 Kf8 35. Nxb7 f5 36. exf5 exf5 37. Rd8+ Rxd8 38. Nxd8 f4 39. Ne6+
Ke7 40. Ng5 h4 41. a4 Kd6 42. Be1 Bg3 43. Bxg3 hxg3 44. Kc2 Ke5 45. Kd2 Kf5 46.
Nf3 g5 47. Nxg5 Kxg5 48. Ke2 Kg4 49. Kf1 Kf5 50. a5 Ke5 51. a6 Kd4 52. a7 Kc4
53. a8=Q Kxb4 54. Qe4+ Kb3 55. Qxf4 Kxb2 56. Qxg3 Kc2 57. Ke2 Kc1 58. Qd6 Kb2
59. Qc5 Kb3 60. Kd2 Ka4 61. Qb6 Ka3 62. Kc3 Ka2 63. Qb2# 1-0

[Event "DEM U12 2011"]
[Site "Oberhof GER"]
[Date "2011.06.12"]
[Round "2"]
[White "Hartmann, Jakob"]
[Black "Usczeck, Alina"]
[Result "1-0"]
[Termination "normal"]
[Board "31"]
[WhiteElo "1567"]
[BlackElo "1219"]
[PlyCount "53"]
[WhiteFideId "12918067"]
[BlackFideId "12938114"]
[EventCountry "GER"]
[EventRounds "11"]
[EventType "swiss"]
[EventDate "2011.06.11"]

1. e4 c6 2. d4 d5 3. Nc3 dxe4 4. Nxe4 Bf5 5. Ng3 Bg6 6. Nf3 e6 7. Bd3 Nd7 8.
O-O Bd6 9. Re1 Ngf6 10. Bg5 h6 11. Bxg6 hxg5 12. Bxf7+ Kxf7 13. Nxg5+ Kg8 14.
Nxe6 Qa5 15. c3 Bxg3 16. fxg3 Qf5 17. Qb3 Rb8 18. h3 Qd5 19. c4 Qd6 20. Rad1 b5
21. Nf4 bxc4 22. Qxc4+ Nd5 23. Re6 Qf8 24. Rxc6 N7b6 25. Rxb6 Rxb6 26. Nxd5 Rg6
27. Nf6# 1-0

[Event "DEM U12 2011"]
[Site "Oberhof GER"]
[Date "2011.06.12"]
[Round "2"]
[White "Möller, Hannah"]
[Black "Köhn, Lennart"]
[Result "0-1"]
[Termination "normal"]
[Board "32"]
[WhiteElo "1204"]
[BlackElo "1554"]
[PlyCount "70"]
[WhiteFideId "1270514"]
[BlackFideId "12938041"]
[EventCountry "GER"]
[EventRounds "11"]
[EventType "swiss"]
[EventDate "2011.06.11"]

1. e4 c5 2. Nf3 Nc6 3. Nc3 g6 4. Bc4 Bg7 5. d3 d6 6. Bf4 Nf6 7. Qd2 a6 8. a4
O-O 9. Bh6 Bg4 10. Bxg7 Kxg7 11. Nh4 Ne5 12. O-O Nxc4 13. dxc4 Be6 14. b3 Qc7
15. a5 Ng4 16. Qf4 Ne5 17. Nf3 Nxf3+ 18. Qxf3 f5 19. exf5 Rxf5 20. Qe4 Qd7 21.
Rfe1 Re5 22. Qh4 Rxe1+ 23. Rxe1 Re8 24. Ne4 Bg8 25. Nc3 e6 26. Re3 Qe7 27.
Qxe7+ Rxe7 28. Ne4 Rd7 29. c3 h6 30. b4 cxb4 31. cxb4 Kf7 32. Rf3+ Ke7 33. Rf6
d5 34. cxd5 Rxd5 35. Rxg6 Rd1# 0-1

[Event "DEM U12 2011"]
[Site "Oberhof GER"]
[Date "2011.06.12"]
[Round "2"]
[White "Surguchov, Alexander"]
[Black "Denkert, Anna"]
[Result "1-0"]
[Termination "normal"]
[Board "33"]
[WhiteElo "1545"]
[BlackElo "1173"]
[PlyCount "73"]
[WhiteFideId "1272035"]
[BlackFideId "12938122"]
[EventCountry "GER"]
[EventRounds "11"]
[EventType "swiss"]
[EventDate "2011.06.11"]

1. e4 e5 2. Nc3 Nf6 3. f4 exf4 4. e5 Ng8 5. Nf3 Nc6 6. d4 d6 7. Bxf4 Bg4 8. Bc4
Bxf3 9. gxf3 Qh4+ 10. Bg3 Qxd4 11. Qxd4 Nxd4 12. O-O-O Nxf3 13. exd6 Bxd6 14.
Bxd6 cxd6 15. Rxd6 Nf6 16. Bb5+ Ke7 17. Rd3 Ng5 18. Nd5+ Kf8 19. Nxf6 gxf6 20.
Rd7 a6 21. Bc4 b5 22. Bd5 Rb8 23. Re1 Kg7 24. h4 Nh3 25. Rxf7+ Kg6 26. Rf1 Rb6
27. h5+ Kg5 28. Be4 Kxh5 29. Rg7 Ng5 30. Bf5 Kh6 31. Re7 Rd6 32. Rh1+ Nh3 33.
Rxh3+ Kg5 34. Bxh7 a5 35. Rf3 Kg4 36. Rf1 b4 37. Rg7+ 1-0

[Event "DEM U12 2011"]
[Site "Oberhof GER"]
[Date "2011.06.12"]
[Round "2"]
[White "Semenova, Alisa"]
[Black "Kempe, Anne"]
[Result "0-1"]
[Termination "normal"]
[Board "34"]
[WhiteElo "1163"]
[BlackElo "1538"]
[PlyCount "106"]
[WhiteFideId "1272132"]
[BlackFideId "12918083"]
[EventCountry "GER"]
[EventRounds "11"]
[EventType "swiss"]
[EventDate "2011.06.11"]

1. e4 c5 2. Nf3 Nc6 3. d4 cxd4 4. Nxd4 Nf6 5. Nc3 d6 6. Bb5 Bd7 7. O-O g6 8.
Re1 Bg7 9. Bg5 O-O 10. Nd5 Nxd4 11. Bxf6 exf6 12. Bxd7 Nxc2 13. Ba4 Nxa1 14.
Qxa1 Rc8 15. Rc1 Rc5 16. Qb1 Kh8 17. Rd1 a6 18. b4 Rc8 19. Qd3 b5 20. Bb3 Rc6
21. Ne3 Qd7 22. a4 Rb8 23. Qd5 Rc7 24. Qxd6 Qxd6 25. Rxd6 Rc1+ 26. Rd1 Rxd1+
27. Nxd1 bxa4 28. Bxa4 Rxb4 29. Bc2 Kg8 30. g3 Kf8 31. Ne3 a5 32. Nd5 Rb2 33.
Ne3 Ke7 34. Bd3 Kd7 35. Nc4 Ra2 36. Nb6+ Kc6 37. Nd5 f5 38. Ne7+ Kd7 39. Nd5
fxe4 40. Bxe4 Bd4 41. Nf4 Bxf2+ 42. Kf1 Be3 43. Nd3 Kd6 44. h4 Bc5 45. Nf4 f6
46. g4 a4 47. Bd5 Ra1+ 48. Ke2 Ke5 49. Nxg6+ hxg6 50. Bf7 a3 51. h5 gxh5 52.
gxh5 a2 53. Bxa2 Rxa2+ 0-1

[Event "DEM U12 2011"]
[Site "Oberhof GER"]
[Date "2011.06.12"]
[Round "2"]
[White "Nguyen, Huy Dat"]
[Black "Kast, Larissa"]
[Result "1-0"]
[Termination "normal"]
[Board "35"]
[WhiteElo "1537"]
[BlackElo "1158"]
[PlyCount "67"]
[WhiteFideId "12923486"]
[BlackFideId "24699055"]
[EventCountry "GER"]
[EventRounds "11"]
[EventType "swiss"]
[EventDate "2011.06.11"]

1. d4 d5 2. c4 c6 3. Nf3 Bf5 4. g3 Nf6 5. Bg2 e6 6. O-O Nbd7 7. Qb3 b6 8. Nc3
Bd6 9. Bg5 h6 10. Bxf6 Nxf6 11. Qa4 Qc7 12. Ne5 Bxe5 13. dxe5 Ng4 14. cxd5 b5
15. d6 Qb6 16. Qf4 g5 17. Qd2 Nxe5 18. d7+ Nxd7 19. Rad1 Nf6 20. Qd6 Rc8 21.
Kh1 h5 22. e4 Rd8 23. Qe5 Rh6 24. Rxd8+ Kxd8 25. exf5 Ng4 26. Qd6+ Kc8 27. Bxc6
exf5 28. Qd7+ Kb8 29. Qe8+ Kc7 30. Nd5+ Kd6 31. Nxb6 axb6 32. Qd7+ Kc5 33. Qd5+
Kb4 34. Qxb5# 1-0

[Event "DEM U12 2011"]
[Site "Oberhof GER"]
[Date "2011.06.12"]
[Round "2"]
[White "Ley, Sabrina"]
[Black "Tiedemann, Fin Niklas"]
[Result "0-1"]
[Termination "normal"]
[Board "36"]
[WhiteElo "1156"]
[BlackElo "1525"]
[PlyCount "52"]
[WhiteFideId "12938130"]
[BlackFideId "12936936"]
[EventCountry "GER"]
[EventRounds "11"]
[EventType "swiss"]
[EventDate "2011.06.11"]

1. e4 e5 2. Nf3 Nc6 3. Bc4 Nf6 4. Ng5 d5 5. exd5 Na5 6. Bb5+ c6 7. dxc6 bxc6 8.
Bd3 h6 9. Ne4 Nxe4 10. Bxe4 Qh4 11. Qf3 Bd7 12. Nc3 Rc8 13. b3 Bc5 14. a3 Bd4
15. Bb2 O-O 16. Na4 Bxf2+ 17. Qxf2 Qxe4+ 18. Kd1 Bg4+ 19. Kc1 Bf5 20. d3 Qg4
21. Kb1 Bxd3 22. cxd3 Nxb3 23. Ra2 Qxa4 24. Qg3 Nd4 25. Qxe5 Qc2+ 26. Ka1 Nb3#
0-1

[Event "DEM U12 2011"]
[Site "Oberhof GER"]
[Date "2011.06.12"]
[Round "2"]
[White "Blösch, Christoph"]
[Black "Richardt, Angelina"]
[Result "1-0"]
[Termination "normal"]
[Board "37"]
[WhiteElo "1504"]
[BlackElo "1146"]
[PlyCount "113"]
[WhiteFideId "12918121"]
[BlackFideId "12938149"]
[EventCountry "GER"]
[EventRounds "11"]
[EventType "swiss"]
[EventDate "2011.06.11"]

1. f4 d6 2. Nf3 Nd7 3. e4 e5 4. d3 Ngf6 5. Nc3 c6 6. g3 Be7 7. Bg2 O-O 8. O-O
Nc5 9. fxe5 dxe5 10. Be3 Ng4 11. Qd2 Bd6 12. Nh4 Be6 13. Nf5 Qd7 14. h3 Nxe3
15. Qxe3 Bc7 16. Kh2 Bb6 17. Qg5 f6 18. Qd2 Qe8 19. g4 Rd8 20. Bf3 Bc7 21. Rg1
Bxf5 22. gxf5 Kh8 23. Rg3 Rg8 24. Rag1 Rd7 25. Qe2 b5 26. Bh5 Qe7 27. Qg4 Nb7
28. Bg6 h6 29. Bh5 Nd6 30. Qe2 Bb6 31. R1g2 Bd4 32. Rg4 Bxc3 33. bxc3 a5 34.
Qd2 a4 35. Bg6 Nb7 36. Rh4 Nd6 37. Rxh6+ gxh6 38. Qxh6+ Qh7 39. Bxh7 Rxh7 40.
Qxf6+ Rhg7 41. Rxg7 Rxg7 42. Qxd6 Rf7 43. Qxe5+ Kg8 44. Qe8+ Rf8 45. Qxf8+ Kxf8
46. h4 Kg7 47. h5 c5 48. e5 a3 49. f6+ Kf7 50. h6 Kg8 51. e6 b4 52. f7+ Kf8 53.
h7 Ke7 54. h8=Q Kxe6 55. f8=Q bxc3 56. Qhf6+ Kd5 57. Q8d6# 1-0

[Event "DEM U12 2011"]
[Site "Oberhof GER"]
[Date "2011.06.12"]
[Round "2"]
[White "Niedwetzki, Jan Daniel"]
[Black "Spitzl, Vinzent"]
[Result "0-1"]
[Termination "normal"]
[Board "38"]
[WhiteElo "1120"]
[BlackElo "1701"]
[PlyCount "112"]
[WhiteFideId "12938157"]
[BlackFideId "12901253"]
[EventCountry "GER"]
[EventRounds "11"]
[EventType "swiss"]
[EventDate "2011.06.11"]

1. e4 e5 2. Nf3 Nc6 3. d4 exd4 4. Nxd4 Nf6 5. Nxc6 bxc6 6. e5 Ne4 7. Qe2 Nc5 8.
Nc3 Ba6 9. Qe3 Bxf1 10. Rxf1 Be7 11. Bd2 O-O 12. O-O-O d6 13. exd6 cxd6 14. f4
Rb8 15. g4 Qb6 16. b3 Rfe8 17. Qg3 a5 18. Be3 Bf6 19. Na4 Qb4 20. Qg2 Rxe3 21.
Qxc6 Nxa4 22. Qxa4 Bb2+ 23. Kb1 Qxa4 24. bxa4 Ba3+ 25. Ka1 Re4 26. Rb1 Reb4 27.
Rxb4 Bxb4 28. Kb1 Kf8 29. Kc1 Bc3 30. Kd1 Rb1+ 31. Ke2 Rxf1 32. Kxf1 Ke7 33.
Ke2 d5 34. Kd3 d4 35. Ke4 Ke6 36. h4 g6 37. f5+ gxf5+ 38. gxf5+ Kf6 39. Kf4 h6
40. h5 Bd2+ 41. Ke4 Be3 42. c3 dxc3 43. Kxe3 Kxf5 44. Kd3 Kg5 45. Kxc3 f5 46.
Kc4 f4 47. Kb5 f3 48. Kxa5 f2 49. Kb6 f1=Q 50. a5 Qf2+ 51. Kb5 Qa7 52. a4 Kxh5
53. Kb4 Qa6 54. Kb3 Qxa5 55. Ka3 Qc3+ 56. Ka2 Qb4 0-1

[Event "DEM U12 2011"]
[Site "Oberhof GER"]
[Date "2011.06.12"]
[Round "2"]
[White "Schmid, Katharina"]
[Black "Blumenthal, Clemens"]
[Result "1/2-1/2"]
[Termination "normal"]
[Board "39"]
[WhiteElo "1070"]
[BlackElo "1494"]
[PlyCount "116"]
[WhiteFideId "12918210"]
[BlackFideId "12938050"]
[EventCountry "GER"]
[EventRounds "11"]
[EventType "swiss"]
[EventDate "2011.06.11"]

1. e4 e6 2. Nf3 d5 3. e5 c5 4. d4 Qb6 5. Be3 Qxb2 6. Nbd2 Qb6 7. dxc5 Bxc5 8.
Bxc5 Qxc5 9. Bd3 Nc6 10. O-O f6 11. Re1 fxe5 12. Nxe5 Nf6 13. Nb3 Qb6 14. Qf3
O-O 15. Qg3 Nxe5 16. Rxe5 Bd7 17. c4 Rac8 18. c5 Qb4 19. h3 Qc3 20. Bxh7+ Kxh7
21. Qxc3 Ne4 22. Rxe4 dxe4 23. f3 b6 24. fxe4 Rc7 25. Qe5 Rfc8 26. cxb6 axb6
27. Qd4 b5 28. Rf1 Kg8 29. g4 Be8 30. h4 Rc3 31. Rf2 R8c4 32. Qd6 Rxe4 33. Qf8+
Kh7 34. Qxe8 Rxg4+ 35. Rg2 Rxg2+ 36. Kxg2 Rc2+ 37. Kf3 Rxa2 38. Qh5+ Kg8 39.
Qxb5 Kf7 40. h5 Kf6 41. Kf4 Rf2+ 42. Ke4 Rf5 43. Qe2 Re5+ 44. Kf3 Rxe2 45. Kxe2
Kg5 46. Nd4 Kf6 47. Ke3 e5 48. Nf3 Kf5 49. Kf2 e4 50. Nd4+ Ke5 51. Ke3 Kd5 52.
Nf5 Ke6 53. Nxg7+ Kf6 54. h6 Kg6 55. Nf5 Kh7 56. Kxe4 Kg6 57. Kf4 Kh7 58. Kg5
Kh8 1/2-1/2

[Event "DEM U12 2011"]
[Site "Oberhof GER"]
[Date "2011.06.12"]
[Round "2"]
[White "Rausch, Adrian"]
[Black "Silber, Stefanie"]
[Result "1-0"]
[Termination "normal"]
[Board "40"]
[WhiteElo "1469"]
[BlackElo "1095"]
[PlyCount "35"]
[WhiteFideId "12929069"]
[BlackFideId "12918245"]
[EventCountry "GER"]
[EventRounds "11"]
[EventType "swiss"]
[EventDate "2011.06.11"]

1. d4 d5 2. c4 c6 3. Nf3 e6 4. e3 Nf6 5. Bd3 Be7 6. O-O O-O 7. b3 Nbd7 8. Bb2
Qc7 9. Nbd2 c5 10. Ne5 Nxe5 11. dxe5 Nd7 12. f4 f6 13. Qh5 g6 14. Bxg6 hxg6 15.
Qxg6+ Kh8 16. Rf3 Rf7 17. Rh3+ Rh7 18. Rxh7# 1-0

[Event "DEM U12 2011"]
[Site "Oberhof GER"]
[Date "2011.06.12"]
[Round "2"]
[White "Schröder, Janina"]
[Black "Müller, Sophie"]
[Result "0-1"]
[Termination "normal"]
[Board "41"]
[WhiteElo "1065"]
[BlackElo "1386"]
[PlyCount "182"]
[WhiteFideId "24693138"]
[BlackFideId "12926698"]
[EventCountry "GER"]
[EventRounds "11"]
[EventType "swiss"]
[EventDate "2011.06.11"]

1. e4 c6 2. d4 d5 3. exd5 cxd5 4. Nc3 Nf6 5. Bg5 Bf5 6. Nf3 e6 7. Bb5+ Nc6 8.
Ne5 Rc8 9. O-O Be7 10. Re1 O-O 11. Ne2 Nxe5 12. dxe5 Nd7 13. Bxe7 Qxe7 14. Nd4
Bg6 15. c3 Nc5 16. Be2 a6 17. b4 Nd7 18. b5 axb5 19. Nxb5 Nxe5 20. Bh5 Nc6 21.
Bf3 Qf6 22. Bh5 Bxh5 23. Qxh5 Ne7 24. Qg4 Qg6 25. Qxg6 Nxg6 26. a4 Ne7 27. a5
Ra8 28. Nc7 Rac8 29. Nb5 Nc6 30. a6 bxa6 31. Rxa6 Ne7 32. Ra7 Ng6 33. Rc1 Ra8
34. Rxa8 Rxa8 35. g3 Kf8 36. c4 Rc8 37. c5 Ne5 38. Nd4 Nd3 39. Rc3 Ne5 40. c6
Nc4 41. Rb3 e5 42. Nf5 Na5 43. Rb6 Nxc6 44. Rb5 Rd8 45. Rc5 Ne7 46. Nxe7 Kxe7
47. Kf1 Kd6 48. Ra5 Ke6 49. Ra6+ Rd6 50. Ra8 d4 51. Ke2 e4 52. Re8+ Kd5 53. f3
e3 54. Ra8 Rc6 55. Ra2 Kc4 56. Ra4+ Kc3 57. Ra3+ Kb2 58. Rd3 Rc2+ 59. Ke1 Rxh2
60. Rxd4 Kc3 61. Rd5 Rg2 62. g4 Rf2 63. Rd7 Rxf3 64. Ke2 Rg3 65. Rxf7 Rxg4 66.
Re7 Rg3 67. Rc7+ Kd4 68. Rd7+ Ke5 69. Re7+ Kf6 70. Re4 h5 71. Rh4 Kg5 72. Rh2
Kg4 73. Rh1 g5 74. Rh2 h4 75. Rh1 Rh3 76. Rg1+ Rg3 77. Rh1 Kf4 78. Rf1+ Kg4 79.
Rh1 h3 80. Rh2 Rg2+ 81. Rxg2+ hxg2 82. Kxe3 g1=Q+ 83. Kd3 Qe1 84. Kc4 Kf3 85.
Kb5 g4 86. Ka4 g3 87. Kb5 Qc1 88. Kb4 g2 89. Ka4 Qb2 90. Ka5 g1=R 91. Ka6 Ra1#
0-1

[Event "DEM U12 2011"]
[Site "Oberhof GER"]
[Date "2011.06.12"]
[Round "2"]
[White "Boussonville, Anna"]
[Black "Sadewasser, Lucie"]
[Result "1/2-1/2"]
[Termination "normal"]
[Board "43"]
[WhiteElo "996"]
[BlackElo "1361"]
[PlyCount "80"]
[WhiteFideId "12929689"]
[BlackFideId "12905445"]
[EventCountry "GER"]
[EventRounds "11"]
[EventType "swiss"]
[EventDate "2011.06.11"]

1. e4 e5 2. Nf3 Nc6 3. Bc4 Bc5 4. Nc3 Nf6 5. O-O O-O 6. d3 h6 7. Be3 Bb6 8. h3
d6 9. Re1 Re8 10. a3 a6 11. a4 Bd7 12. Qd2 Bxe3 13. fxe3 Qc8 14. Rf1 Be6 15.
Bxe6 Rxe6 16. Nd5 Ne7 17. Nxf6+ Rxf6 18. Rf2 Qd8 19. Raf1 Ng6 20. Qe2 Qd7 21.
b3 Re8 22. Nh2 Ree6 23. Rxf6 Rxf6 24. Rxf6 gxf6 25. Ng4 Kg7 26. Qf2 Qe6 27. c4
c6 28. b4 h5 29. Nh2 b5 30. axb5 axb5 31. cxb5 cxb5 32. Nf3 Qb3 33. Qd2 Qe6 34.
Qf2 d5 35. Qe2 dxe4 36. dxe4 Qc4 37. Qxc4 bxc4 38. Kf1 c3 39. Ke1 Ne7 40. Kd1
Nc6 1/2-1/2

[Event "DEM U12 2011"]
[Site "Oberhof GER"]
[Date "2011.06.12"]
[Round "2"]
[White "Hoffmann, Christoph"]
[Black "Speck, Jakob"]
[Result "0-1"]
[Termination "normal"]
[Board "44"]
[WhiteElo "1360"]
[BlackElo "987"]
[PlyCount "76"]
[BlackFideId "12938181"]
[EventCountry "GER"]
[EventRounds "11"]
[EventType "swiss"]
[EventDate "2011.06.11"]

1. d4 d5 2. c4 dxc4 3. Nc3 Nf6 4. e4 e5 5. d5 b5 6. Nxb5 Nxe4 7. Qa4 Bd7 8.
Qxc4 Nc5 9. Bd2 c6 10. dxc6 Bxc6 11. Qc3 f6 12. Nf3 Ne4 13. Qa5 Nxd2 14. Qxd8+
Kxd8 15. Nxd2 Bb4 16. Rd1 a6 17. Nd6 Ke7 18. Nf5+ Kf7 19. Bc4+ Kg6 20. Ne3 Bb5
21. O-O Rd8 22. Nf3 Nc6 23. a3 Bc5 24. Bxb5 axb5 25. Rxd8 Rxd8 26. h3 e4 27.
Nh2 Rd2 28. Rb1 Ne5 29. Nhf1 Bxe3 30. Nxe3 Nd3 31. Nd1 f5 32. b3 Ra2 33. Nc3
Rxf2 34. Nxb5 Ra2 35. a4 e3 36. Nd4 e2 37. Nxe2 Rxe2 38. b4 Re4 0-1

[Event "DEM U12 2011"]
[Site "Oberhof GER"]
[Date "2011.06.12"]
[Round "2"]
[White "Uffrecht, Luise"]
[Black "Rogozenco, Teodora"]
[Result "1/2-1/2"]
[Termination "normal"]
[Board "45"]
[WhiteElo "958"]
[BlackElo "1356"]
[PlyCount "114"]
[BlackFideId "12938084"]
[EventCountry "GER"]
[EventRounds "11"]
[EventType "swiss"]
[EventDate "2011.06.11"]

1. e4 c5 2. Nf3 d6 3. Nc3 Nf6 4. Bb5+ Bd7 5. Bxd7+ Qxd7 6. d3 g6 7. Bg5 Bg7 8.
O-O O-O 9. h3 Nc6 10. Qd2 Rfc8 11. a3 a5 12. Bh6 Rab8 13. Bxg7 Kxg7 14. Nb5 Ne5
15. Nxe5 Qxb5 16. Nc4 a4 17. Rab1 Qa6 18. Qc3 b5 19. Ne3 b4 20. Qc4 Qb5 21.
Qxb5 Rxb5 22. Nc4 Rcb8 23. Nd2 bxa3 24. bxa3 Rb2 25. Rfc1 Nd7 26. Rxb2 Rxb2 27.
Nc4 Ra2 28. Kf1 Ne5 29. Nxe5 dxe5 30. Ke2 Rxa3 31. Kd2 Kf6 32. c3 Ra2+ 33. Rc2
Ra1 34. Rc1 Rxc1 35. Kxc1 Kg5 36. g3 f5 37. Kb2 f4 38. Ka3 Kf6 39. Kxa4 Ke6 40.
Kb5 Kd6 41. Kc4 g5 42. d4 cxd4 43. cxd4 h5 44. d5 g4 45. hxg4 hxg4 46. Kb5 Kd7
47. Kc5 Kc7 48. Kb5 Kd6 49. Kb6 f3 50. Kb5 Kd7 51. Kc5 Kc7 52. Kb5 Kb7 53. Ka5
Ka7 54. Kb5 Kb7 55. Ka5 Ka7 56. Kb5 Kb7 57. Ka5 Ka7 1/2-1/2

[Event "DEM U12 2011"]
[Site "Oberhof GER"]
[Date "2011.06.12"]
[Round "2"]
[White "Bugdahl, Felix"]
[Black "Zech, Anna"]
[Result "1-0"]
[Termination "normal"]
[Board "46"]
[WhiteElo "1350"]
[BlackElo "957"]
[PlyCount "171"]
[WhiteFideId "12938092"]
[BlackFideId "12909424"]
[EventCountry "GER"]
[EventRounds "11"]
[EventType "swiss"]
[EventDate "2011.06.11"]

1. e4 Nf6 2. Nc3 d5 3. Bd3 dxe4 4. Bxe4 Nxe4 5. Nxe4 e5 6. d3 Nc6 7. Nf3 Bg4 8.
h3 Bh5 9. Be3 f5 10. Neg5 Qd7 11. Qe2 O-O-O 12. O-O-O h6 13. g4 fxg4 14. hxg4
Bxg4 15. c3 Bd6 16. Ne4 Rhf8 17. Ned2 Kb8 18. Rhg1 g5 19. Rg2 Be7 20. Rdg1 h5
21. Rg3 Qxd3 22. Qxd3 Rxd3 23. Bxg5 Bxg5 24. Nxg5 Rxg3 25. fxg3 Rf5 26. Nge4
Kc8 27. Re1 Kd8 28. Re3 Ke7 29. Rd3 b6 30. Kc2 Ke6 31. b4 a6 32. a4 Rf8 33.
Ng5+ Kf5 34. Nde4 Kg6 35. b5 axb5 36. axb5 Na5 37. Rd5 Kf5 38. Rd7 Rc8 39. Rf7+
Kg6 40. Rf6+ Kg7 41. Ne6+ Bxe6 42. Rxe6 Nc4 43. Kd3 Nb2+ 44. Ke2 Nc4 45. Rc6
Na5 46. Rf6 Rf8 47. Re6 Rf5 48. Re7+ Kg6 49. Rxc7 Rf7 50. Rc8 Kg7 51. Ng5 Re7
52. Rb8 Nb7 53. Ke3 Kg6 54. Ne4 Kf5 55. Rg8 Ke6 56. Rg6+ Kf5 57. Rxb6 Kg4 58.
Rg6+ Kh3 59. Rh6 Kg4 60. Nf6+ Kg5 61. Ng8 Rg7 62. Rb6 Kf5 63. Nh6+ Kg5 64. c4
h4 65. gxh4+ Kh5 66. Ke4 Rg6 67. Rxb7 Rxh6 68. Re7 Kxh4 69. Kxe5 Rb6 70. Kd5
Kg4 71. Re6 Rb7 72. b6 Kf5 73. c5 Kg5 74. Kd6 Kf5 75. Re7 Rb8 76. b7 Kf6 77. c6
Kf5 78. Kc7 Rf8 79. b8=Q Rxb8 80. Kxb8 Kf6 81. Re1 Kf5 82. c7 Kf4 83. c8=Q Kf3
84. Qf5+ Kg3 85. Rg1+ Kh4 86. Qg4# 1-0

[Event "DEM U12 2011"]
[Site "Oberhof GER"]
[Date "2011.06.12"]
[Round "2"]
[White "Trotzke, Johannes"]
[Black "Weiten, Anna"]
[Result "1-0"]
[Termination "normal"]
[Board "47"]
[WhiteElo "1491"]
[BlackElo "872"]
[PlyCount "97"]
[WhiteFideId "12918105"]
[BlackFideId "12938203"]
[EventCountry "GER"]
[EventRounds "11"]
[EventType "swiss"]
[EventDate "2011.06.11"]

1. e4 e5 2. Nf3 Nc6 3. d4 exd4 4. Nxd4 Bc5 5. Be3 d6 6. Nxc6 bxc6 7. Bxc5 Qe7
8. Bd4 Qxe4+ 9. Qe2 Qxe2+ 10. Bxe2 Nf6 11. Bxf6 gxf6 12. Bf3 O-O 13. O-O Kh8
14. Nc3 Rg8 15. Rfe1 Bf5 16. Bxc6 Rad8 17. Re2 Bg4 18. f3 Bh3 19. Kh1 Bf5 20.
Rae1 Bd7 21. Bd5 Rdf8 22. Re7 Be8 23. Ne4 Kg7 24. Rxc7 f5 25. Nxd6 Kh8 26. Rce7
Ba4 27. b3 Bb5 28. Nxb5 Rd8 29. Bxf7 Rgf8 30. c4 a6 31. Nc3 a5 32. Bd5 a4 33.
Nxa4 f4 34. Bc6 Rc8 35. Bd7 Rcd8 36. Re8 Rg8 37. Rxd8 Rxd8 38. Re8+ Rxe8 39.
Bxe8 h5 40. c5 Kg8 41. c6 Kf8 42. c7 Kxe8 43. c8=Q+ Ke7 44. Qc6 Kd8 45. Qb7 Ke8
46. Nc5 Kf8 47. Qd7 Kg8 48. Ne6 Kh8 49. Qg7# 1-0

[Event "DEM U12 2011"]
[Site "Oberhof GER"]
[Date "2011.06.13"]
[Round "3"]
[White "Sawlin, Leonid"]
[Black "Graf, Clara Victoria"]
[Result "1-0"]
[Termination "normal"]
[Board "1"]
[WhiteElo "1920"]
[BlackElo "1710"]
[PlyCount "97"]
[WhiteFideId "4689542"]
[BlackFideId "1270339"]
[EventCountry "GER"]
[EventRounds "11"]
[EventType "swiss"]
[EventDate "2011.06.11"]

1. e4 c5 2. Nf3 Nc6 3. d4 cxd4 4. Nxd4 g6 5. c4 Bg7 6. Be3 Nf6 7. Nc3 d6 8. Be2
O-O 9. O-O Bd7 10. Qd2 Nxd4 11. Bxd4 Bc6 12. f3 a5 13. Rac1 Nd7 14. Be3 Nc5 15.
Rc2 a4 16. Rb1 Na6 17. Nd1 Qd7 18. b4 axb3 19. axb3 Rfc8 20. Bb6 Nc5 21. b4 Ba4
22. bxc5 Bxc2 23. c6 bxc6 24. Qxc2 c5 25. Rb5 Rcb8 26. Qd2 Bd4+ 27. Kf1 Qc6 28.
Ba5 Qa6 29. Bc3 Bxc3 30. Nxc3 Qa1+ 31. Kf2 Re8 32. Rb1 Qa5 33. Qd3 Rab8 34. Rb5
Qa3 35. Qd2 Rxb5 36. cxb5 Qb4 37. Qe3 e6 38. Qd3 Ra8 39. Nd1 Qd4+ 40. Ne3 Ra2
41. Qc4 Qxc4 42. Nxc4 d5 43. Nb6 c4 44. Ke3 d4+ 45. Kxd4 Rxe2 46. Nxc4 Kf8 47.
b6 Re1 48. Nd2 Rd1 49. Kd3 1-0

[Event "DEM U12 2011"]
[Site "Oberhof GER"]
[Date "2011.06.13"]
[Round "3"]
[White "Péczely, Sebastian Zsomber"]
[Black "Petrashov, Alexander"]
[Result "1-0"]
[Termination "normal"]
[Board "2"]
[WhiteElo "1967"]
[BlackElo "1644"]
[PlyCount "71"]
[WhiteFideId "750964"]
[BlackFideId "24662461"]
[EventCountry "GER"]
[EventRounds "11"]
[EventType "swiss"]
[EventDate "2011.06.11"]

1. e4 e6 2. d4 d5 3. Nc3 Nf6 4. Bg5 h6 5. Bxf6 Qxf6 6. exd5 Bb4 7. Bb5+ c6 8.
dxc6 bxc6 9. Ba4 O-O 10. Nge2 Ba6 11. O-O Rd8 12. Ne4 Qh4 13. N4g3 c5 14. c3
Ba5 15. Bc2 Nc6 16. Be4 Rac8 17. Bxc6 Rxc6 18. Qa4 Bxe2 19. Nxe2 Bc7 20. h3 Qe4
21. Rae1 Qd5 22. dxc5 Qxc5 23. Nd4 Qd6 24. g3 Ra6 25. Qc4 Qb6 26. b4 Ra4 27.
Nxe6 Rc8 28. Nxc7 Rxc7 29. Re8+ Kh7 30. Qd3+ Qg6 31. Qd8 Qc6 32. Rh8+ Kg6 33.
Qd3+ f5 34. Rd8 Kh7 35. Qxf5+ Qg6 36. Rh8+ 1-0